000
00293nam a2200121Ia 4500
005
20251222155051.0
008
251222s9999||||xx |||||||||||||| ||spa||
082
_a
EPI.24.1-3 C/Ej.3
100
_a
CARRANZA Raymundo.
245
0
_a
Contaminación Ambiental
264
_b
No tiene
942
_c
LIB
999
_c
37289
_d
37289